The posthumous papers of the Pickwick Club / (Record no. 174584)

000 -LEADER
fixed length control field 01454cam a2200337 a 4500
001 - CONTROL NUMBER
control field 12169521
003 - CONTROL NUMBER IDENTIFIER
control field Nust
005 - DATE AND TIME OF LATEST TRANSACTION
control field 20170201174102.0
008 - FIXED-LENGTH DATA ELEMENTS--GENERAL INFORMATION
fixed length control field 000911r19991837enka b 000 1 eng
010 ## - LIBRARY OF CONGRESS CONTROL NUMBER
LC control number 00702933
020 ## - INTERNATIONAL STANDARD BOOK NUMBER
International Standard Book Number 9780140436112
040 ## - CATALOGING SOURCE
Original cataloging agency DLC
Transcribing agency DLC
Modifying agency DLC
043 ## - GEOGRAPHIC AREA CODE
Geographic area code e-uk-en
082 00 - DEWEY DECIMAL CLASSIFICATION NUMBER
Classification number 823.8
Author Mark DIC
100 1# - MAIN ENTRY--PERSONAL NAME
Personal name Dickens, Charles,
Dates associated with a name 1812-1870.
240 10 - UNIFORM TITLE
Uniform title Pickwick papers
245 14 - TITLE STATEMENT
Title The posthumous papers of the Pickwick Club /
Statement of responsibility, etc. Charles Dickens ; edited with an introduction and notes by Mark Wormald.
246 14 - VARYING FORM OF TITLE
Title proper/short title Pickwick papers
260 ## - PUBLICATION, DISTRIBUTION, ETC.
Place of publication, distribution, etc. London ;
-- New York :
Name of publisher, distributor, etc. Penguin Books,
Date of publication, distribution, etc. 1999.
300 ## - PHYSICAL DESCRIPTION
Extent xxxiv, 800 p. :
Other physical details ill. ;
Dimensions 20 cm.
440 #0 - SERIES STATEMENT/ADDED ENTRY--TITLE
Title Penguin classics
504 ## - BIBLIOGRAPHY, ETC. NOTE
Bibliography, etc. note Includes bibliographical references (p. xxxiii-xxxiv).
650 00 - SUBJECT ADDED ENTRY--TOPICAL TERM
Topical term or geographic name entry element Men
General subdivision Societies and clubs
Form subdivision Fiction.
651 #0 - SUBJECT ADDED ENTRY--GEOGRAPHIC NAME
Geographic name England
Form subdivision Fiction.
655 #7 - INDEX TERM--GENRE/FORM
Genre/form data or focus term Humorous stories.
Source of term gsafd
856 42 - ELECTRONIC LOCATION AND ACCESS
Materials specified Contributor biographical information
Uniform Resource Identifier <a href="http://www.loc.gov/catdir/enhancements/fy1203/00702933-b.html">http://www.loc.gov/catdir/enhancements/fy1203/00702933-b.html</a>
856 42 - ELECTRONIC LOCATION AND ACCESS
Materials specified Publisher description
Uniform Resource Identifier <a href="http://www.loc.gov/catdir/enhancements/fy1203/00702933-d.html">http://www.loc.gov/catdir/enhancements/fy1203/00702933-d.html</a>
856 41 - ELECTRONIC LOCATION AND ACCESS
Materials specified Sample text
Uniform Resource Identifier <a href="http://www.loc.gov/catdir/enhancements/fy1505/00702933-s.html">http://www.loc.gov/catdir/enhancements/fy1505/00702933-s.html</a>
906 ## - LOCAL DATA ELEMENT F, LDF (RLIN)
a 7
b cbc
c origcop
d 2
e ncip
f 20
g y-gencatlg
942 ## - ADDED ENTRY ELEMENTS (KOHA)
Source of classification or shelving scheme
Koha item type Book
Holdings
Withdrawn status Lost status Source of classification or shelving scheme Damaged status Not for loan Collection code Permanent Location Current Location Shelving location Date acquired Total Checkouts Total Renewals Full call number Barcode Date last seen Date last checked out Copy number Price effective from Koha item type
            Central Library (CL) Central Library (CL) Fiction 02/01/2017 2 6 823.8 DIC CL934 12/11/2023 11/22/2023 1 02/01/2017 Book
© 2023 Central Library, National University of Sciences and Technology. All Rights Reserved.